QUEST Central Library Banner

Dictionary of ecology and environment. (Record no. 11261)

MARC details
000 -LEADER
fixed length control field 00434nam a2200145 a 4500
020 ## - INTERNATIONAL STANDARD BOOK NUMBER
ISBN 8171694640 (hardcover)
020 ## - INTERNATIONAL STANDARD BOOK NUMBER
ISBN 9788171694648 (hardcover)
082 ## - DEWEY DECIMAL CLASSIFICATION NUMBER
Classification number 628.03SIN
100 ## - MAIN ENTRY--AUTHOR NAME
Personal name Singh, S.K
245 00 - TITLE STATEMENT
Title Dictionary of ecology and environment.
260 ## - PUBLICATION, DISTRIBUTION, ETC. (IMPRINT)
Place of publication [S.l.] :
Name of publisher Commonwealth Publishers,
Year of publication 1997.
300 ## - PHYSICAL DESCRIPTION
Number of Pages 1 v. (unpaged)
856 40 - ELECTRONIC LOCATION AND ACCESS
Uniform Resource Identifier http://www.amazon.com/exec/obidos/ASIN/8171694640/chopaconline-20
942 ## - ADDED ENTRY ELEMENTS (KOHA)
Koha item type Books
Holdings
Withdrawn status Lost status Home library Current library Date acquired Cost, normal purchase price Full call number Accession Number Koha item type
    Central Library, QUEST, Nawabshah Seminar Library, Energy & Environ. Engg. 29/10/2014 679.00 628.03SIN 35164 Books
    Central Library, QUEST, Nawabshah Seminar Library, Energy & Environ. Engg. 29/10/2014 679.00 628.03SIN 35165 Books
    Central Library, QUEST, Nawabshah Seminar Library, Energy & Environ. Engg. 29/10/2014 679.00 628.03SIN 35166 Books

Copyright © 2018,The QUEST, Nawabshah, Shaheed Benazirabad. All rights reserved
Mr. G. Farooq Channar (Librarian) QUEST, Nawabshah, Sindh, Pakistan 67480.
 Ph#: |   0244-9370381-4 Ext. 2308   Email| lib@quest.edu.pk   Web|  http://www.quest.edu.pk